handbook of learning and cognitive Processes : (Record no. 193781)

000 -LEADER
fixed length control field 00963 a2200157 4500
003 - CONTROL NUMBER IDENTIFIER
control field NUST
005 - DATE AND TIME OF LATEST TRANSACTION
control field 20221205182812.0
040 ## - CATALOGING SOURCE
Transcribing agency Nust
082 ## - DEWEY DECIMAL CLASSIFICATION NUMBER
Classification number 153,HAN
100 ## - MAIN ENTRY--PERSONAL NAME
Personal name W.K.Estes
9 (RLIN) 104169
245 ## - TITLE STATEMENT
Title handbook of learning and cognitive Processes :
Remainder of title Volume-5 human information processing /
Statement of responsibility, etc. Edited by W.K.Estes
260 ## - PUBLICATION, DISTRIBUTION, ETC.
Place of publication, distribution, etc. london
Name of publisher, distributor, etc. John wiley
Date of publication, distribution, etc. 1978
300 ## - PHYSICAL DESCRIPTION
Extent x,334 p .:
505 ## - FORMATTED CONTENTS NOTE
Formatted contents note The Information Processing Approach to Cognition A Confluence of Metaphors and Methods (Page-1), Elementary Information Processes (Page-19), Visual Processing and Short Term Memory (Page-91), Chronometric Analysis of Abstraction and Recognition (Page-143), Cognitive Processes that Resemble Perceptual Processes (Page-189), Natures of Problems Solving Abilities (Page-239), Information Processing theory of Human Problem Solving (Page-271), Applications of Learning Models and Optimization theory to Problems of Instructions (Page-297).
942 ## - ADDED ENTRY ELEMENTS (KOHA)
Source of classification or shelving scheme
Koha item type Book
Call number prefix 153,HAN
Holdings
Withdrawn status Lost status Source of classification or shelving scheme Damaged status Not for loan Permanent Location Current Location Shelving location Date acquired Full call number Barcode Date last seen Price effective from Koha item type Public note
          Military College of Signals (MCS) Military College of Signals (MCS) General Stacks 12/12/2016 153,HAN MCS5198 12/08/2016 12/12/2016 Book Almirah No.46, Shelf No.4
© 2023 Central Library, National University of Sciences and Technology. All Rights Reserved.